[Event "Mittelfranken Landesliga Nord 2223"]
[Site "Mittelfranken"]
[Date "2023.03.19"]
[Round "8.4"]
[White "Grabert, Ralf"]
[Black "Reis, Gerhard"]
[Result "0-1"]
[WhiteElo "2112"]
[BlackElo "2179"]
[PlyCount "58"]
[EventDate "2022.10.09"]
[EventType "team-tourn"]
[EventRounds "9"]
[EventCountry "GER"]
[SourceTitle "EXT 2024"]
[Source "ChessBase"]
[SourceDate "2023.10.10"]
[SourceVersion "1"]
[SourceVersionDate "2023.10.10"]
[SourceQuality "1"]
[WhiteTeam "Kareth Lappersdorf"]
[BlackTeam "Nuernberg Sued SW"]
[WhiteTeamCountry "GER"]
[BlackTeamCountry "GER"]

1. d4 Nf6 2. Nf3 g6 3. g3 Bg7 4. Bg2 0-0 5. 0-0 d5 6. Nbd2 c6 7. c4 Re8 8. Ne5 Ng4 9. Nxg4 Bxg4 10. h3 Be6 11. cxd5 Bxd5 12. e4 Be6 13. Nf3 Na6 14. Qa4 Qb6 15. Bd2 Nc7 16. Rfd1 Qb5 17. Qc2 Bc4 18. Be3 Red8 19. Rd2 Rac8 20. b3 Be6 21. Bf1 Qa5 22. Rad1 Nb5 23. a4 Nd6 24. Bg5 Nxe4 25. Qxe4 Bd5 26. Qe3 Bxf3 27. Re1 Bd5 28. Qxe7 Bxb3 29. Qxb7 Qxg5 0-1

[Event "Mittelfranken Landesliga Nord 2223"]
[Site "Mittelfranken"]
[Date "2022.10.09"]
[Round "1.4"]
[White "Roeder, Gerd"]
[Black "Reis, Gerhard"]
[Result "1/2-1/2"]
[WhiteElo "1962"]
[BlackElo "2179"]
[PlyCount "31"]
[EventDate "2022.10.09"]
[EventType "team-tourn"]
[EventRounds "9"]
[EventCountry "GER"]
[SourceTitle "EXT 2024"]
[Source "ChessBase"]
[SourceDate "2023.10.10"]
[SourceVersion "1"]
[SourceVersionDate "2023.10.10"]
[SourceQuality "1"]
[WhiteTeam "Altensittenbach"]
[BlackTeam "Nuernberg Sued SW"]
[WhiteTeamCountry "GER"]
[BlackTeamCountry "GER"]

1. e4 c5 2. c3 d5 3. exd5 Qxd5 4. d4 cxd4 5. cxd4 Nc6 6. Nf3 e5 7. Nc3 Bb4 8. Bd2 Bxc3 9. Bxc3 e4 10. Ne5 Nxe5 11. dxe5 Ne7 12. Qxd5 Nxd5 13. Bb5+ Bd7 14. Bxd7+ Kxd7 15. 0-0-0 Ke6 16. Rhe1 1/2-1/2

[Event "Bayern-ch 92th"]
[Site "Lichtenfels"]
[Date "2021.08.25"]
[Round "5"]
[White "Reis, Gerhard"]
[Black "Reimann, Matthias"]
[Result "1-0"]
[WhiteElo "2223"]
[BlackElo "2017"]
[PlyCount "93"]
[EventDate "2021.08.22"]
[EventType "swiss"]
[EventRounds "9"]
[EventCountry "GER"]
[SourceTitle "EXT 2023"]
[Source "ChessBase"]
[SourceDate "2022.10.05"]
[SourceVersion "1"]
[SourceVersionDate "2022.10.05"]
[SourceQuality "1"]

1. d4 c5 2. e3 Nf6 3. Nf3 g6 4. Be2 Bg7 5. 0-0 0-0 6. Nbd2 d6 7. b3 Nbd7 8. Bb2 b6 9. c4 Bb7 10. Qc2 Qc7 11. Rad1 Rad8 12. d5 b5 13. e4 b4 14. Ne1 e5 15. g3 Ne8 16. Bg4 Ndf6 17. Be2 Nd7 18. Ng2 Bc8 19. f4 exf4 20. gxf4 a5 21. Nf3 Bxb2 22. Qxb2 f6 23. Rde1 Ng7 24. Bd3 Rde8 25. Re2 Nb6 26. Ne3 Nh5 27. Nh4 Qg7 28. Neg2 Bg4 29. Ree1 a4 30. Kh1 Qh6 31. Qf2 Kh8 32. Rg1 g5 33. fxg5 fxg5 34. Nf5 Bxf5 35. exf5 Qf6 36. Re6 Rxe6 37. dxe6 Ng7 38. Qe2 axb3 39. axb3 Nc8 40. Ne3 Ne7 41. Ng4 Qd4 42. f6 Rxf6 43. Nxf6 Qxf6 44. Rf1 Qxe6 45. Rf8+ Ng8 46. Qxe6 Nxe6 47. Rf7 1-0

[Event "Bayern-ch 92th"]
[Site "Lichtenfels"]
[Date "2021.08.22"]
[Round "1"]
[White "Reis, Gerhard"]
[Black "Wunder, Stefan"]
[Result "1-0"]
[WhiteElo "2223"]
[BlackElo "2024"]
[PlyCount "69"]
[EventDate "2021.08.22"]
[EventType "swiss"]
[EventRounds "9"]
[EventCountry "GER"]
[SourceTitle "EXT 2023"]
[Source "ChessBase"]
[SourceDate "2022.10.05"]
[SourceVersion "1"]
[SourceVersionDate "2022.10.05"]
[SourceQuality "1"]

1. d4 g6 2. e4 Bg7 3. Nc3 d6 4. Be3 a6 5. a4 b6 6. g3 Bb7 7. Bg2 Nd7 8. Nge2 e6 9. 0-0 Ne7 10. Qd2 h6 11. Rae1 Rb8 12. h3 Ba8 13. g4 b5 14. axb5 axb5 15. f4 b4 16. Nd1 h5 17. g5 0-0 18. f5 exf5 19. exf5 Bxg2 20. Kxg2 Nd5 21. f6 N7xf6 22. gxf6 Bxf6 23. Bh6 Re8 24. Ng3 Rxe1 25. Qxe1 Qd7 26. Qe4 c6 27. Ne3 Nxe3+ 28. Qxe3 Re8 29. Ne4 Bd8 30. Qf4 f5 31. Qxd6 Qh7 32. Bg5 fxe4 33. Bxd8 e3 34. Qxc6 Rxd8 35. Qe6+ 1-0

[Event "Bamberg op-A 3rd"]
[Site "Bamberg"]
[Date "2021.07.28"]
[Round "1"]
[White "Reis, Gerhard"]
[Black "Kirchner, Markus"]
[Result "1-0"]
[WhiteElo "2223"]
[BlackElo "1996"]
[PlyCount "43"]
[EventDate "2021.07.28"]
[EventType "swiss"]
[EventRounds "7"]
[EventCountry "GER"]
[SourceTitle "EXT 2022"]
[Source "ChessBase"]
[SourceDate "2021.10.06"]
[SourceVersion "1"]
[SourceVersionDate "2021.10.06"]
[SourceQuality "1"]

1. Nf3 f5 2. c4 Nf6 3. g3 g6 4. Bg2 Bg7 5. 0-0 0-0 6. d4 d6 7. Nc3 Qe8 8. d5 Na6 9. Rb1 Bd7 10. b4 Rc8 11. Be3 Ng4 12. Bd4 Ne5 13. c5 Nxf3+ 14. Bxf3 Qf7 15. e3 Nb8 16. Qd3 Bxd4 17. Qxd4 Qf6 18. b5 Qxd4 19. exd4 c6 20. dxc6 bxc6 21. b6 Na6 22. Be2 1-0

[Event "GER-ch Net blitz qual3"]
[Site "Playchess.com INT"]
[Date "2021.05.07"]
[Round "1"]
[White "Reis, Gerhard"]
[Black "Powalla, Christian"]
[Result "0-1"]
[WhiteElo "1969"]
[BlackElo "1637"]
[PlyCount "80"]
[EventDate "2021.05.07"]
[EventType "swiss (blitz)"]
[EventRounds "11"]
[EventCountry "GER"]
[SourceTitle "CBM 202 Extra"]
[Source "ChessBase"]
[SourceDate "2021.07.31"]
[SourceVersion "1"]
[SourceVersionDate "2021.07.31"]
[SourceQuality "1"]

1. Nf3 Nf6 2. c4 g6 3. g3 Bg7 4. Bg2 0-0 5. 0-0 d6 6. d4 Nc6 7. Nc3 e5 8. e4 Bg4 9. d5 Ne7 10. h3 Bc8 11. Be3 Ne8 12. Nd2 f5 13. f4 Nf6 14. fxe5 dxe5 15. Kh2 Nh5 16. exf5 Nxf5 17. Bf2 Nf6 18. Nde4 Nxe4 19. Nxe4 c6 20. Qb3 cxd5 21. cxd5 Nd6 22. Bc5 Nxe4 23. Bxe4 Rf6 24. Rxf6 Qxf6 25. d6+ Be6 26. Bd5 Bxd5 27. Qxd5+ Kh8 28. Qxb7 Rd8 29. d7 e4 30. Qxe4 Qxb2+ 31. Qg2 Qxa1 32. Qd2 Qb2 33. Qxb2 Bxb2 34. Bxa7 Rxd7 35. Bf2 Kg7 36. Kg2 Kf6 37. Kf3 Ke5 38. Be3 Rd3 39. Ke2 Ra3 40. Bf4+ Ke4 0-1

[Event "GER-ch Net blitz qual3"]
[Site "Playchess.com INT"]
[Date "2021.05.07"]
[Round "11"]
[White "Tschernatsch, Johannes"]
[Black "Reis, Gerhard"]
[Result "1-0"]
[WhiteElo "1856"]
[BlackElo "1969"]
[PlyCount "69"]
[EventDate "2021.05.07"]
[EventType "swiss (blitz)"]
[EventRounds "11"]
[EventCountry "GER"]
[SourceTitle "CBM 202 Extra"]
[Source "ChessBase"]
[SourceDate "2021.07.31"]
[SourceVersion "1"]
[SourceVersionDate "2021.07.31"]
[SourceQuality "1"]

1. e4 c5 2. Nf3 Nc6 3. Bb5 g6 4. 0-0 Bg7 5. c3 Nf6 6. Re1 0-0 7. d4 cxd4 8. cxd4 d5 9. e5 Ne4 10. Bxc6 bxc6 11. Nbd2 Nxd2 12. Bxd2 Qb6 13. Qc2 Bf5 14. Qc3 Rfc8 15. Rec1 Bg4 16. Ne1 Be2 17. Qe3 Ba6 18. Nf3 e6 19. b3 Qb5 20. Rc5 Qb7 21. Rac1 Bf8 22. R5c2 Rc7 23. Ng5 Rac8 24. Qh3 h6 25. Nf3 c5 26. dxc5 Rxc5 27. Rxc5 Rxc5 28. Rxc5 Bxc5 29. Qxh6 Qb5 30. h3 Bf8 31. Qe3 Qf1+ 32. Kh2 Qb1 33. a4 Bd3 34. Ng5 Bc4 35. bxc4 1-0

[Event "GER Cup Net V3 U2400"]
[Site "Playchess.com INT"]
[Date "2020.05.27"]
[Round "7"]
[White "Dargel, Manuel"]
[Black "Reis, Gerhard"]
[Result "0-1"]
[WhiteElo "1842"]
[BlackElo "1982"]
[PlyCount "144"]
[EventDate "2020.05.27"]
[EventType "swiss (blitz)"]
[EventRounds "9"]
[EventCountry "GER"]
[SourceTitle "EXT 2021"]
[Source "ChessBase"]
[SourceDate "2020.10.23"]
[SourceVersion "1"]
[SourceVersionDate "2020.10.23"]
[SourceQuality "1"]

1. c4 Nf6 2. Nc3 d5 3. d4 g6 4. cxd5 Nxd5 5. e4 Nxc3 6. bxc3 Bg7 7. Be3 c5 8. Qd2 Qa5 9. Rd1 Nc6 10. Nf3 Bg4 11. e5 Rd8 12. Bd3 0-0 13. 0-0 Bxf3 14. gxf3 cxd4 15. cxd4 Qxd2 16. Rxd2 Nxd4 17. Be4 Bxe5 18. Rfd1 Nc6 19. Bxc6 Rxd2 20. Rxd2 bxc6 21. Bxa7 Bd6 22. Rc2 Ra8 23. Bd4 c5 24. Be3 f5 25. f4 Kf7 26. Kg2 Ke6 27. Kf3 Kd5 28. Ke2 Ra4 29. h3 c4 30. Rd2+ Kc6 31. Rb2 c3 32. Rc2 Bb4 33. Kd3 Kd5 34. f3 Ba5 35. Bc1 e6 36. Be3 Rc4 37. Ke2 Bc7 38. Kd3 Bxf4 39. Bf2 Be5 40. Ke2 Ra4 41. Kd3 Ra3 42. Be3 Ra4 43. Bf2 Rf4 44. Ke2 Bd4 45. Bg3 e5 46. Bxf4 exf4 47. Kd3 g5 48. a4 h5 49. a5 g4 50. hxg4 hxg4 51. fxg4 fxg4 52. Rh2 f3 53. Rh5+ Kc6 54. Kxd4 f2 55. Rf5 c2 56. Rc5+ Kb7 57. Rb5+ Ka6 58. Rc5 f1Q 59. Rxc2 Qf4+ 60. Kd3 g3 61. Rc6+ Kxa5 62. Rc4 Qxc4+ 63. Kxc4 g2 64. Kd5 g1Q 65. Ke6 Qg6+ 66. Ke5 Kb5 67. Kf4 Kc5 68. Ke3 Qf5 69. Ke2 Kd4 70. Kd2 Qf2+ 71. Kd1 Kd3 72. Kc1 Qc2# 0-1

[Event "GER Cup Net V3 U2400"]
[Site "Playchess.com INT"]
[Date "2020.05.27"]
[Round "5"]
[White "Lambertz, Michael"]
[Black "Reis, Gerhard"]
[Result "1-0"]
[WhiteElo "1807"]
[BlackElo "1982"]
[PlyCount "49"]
[EventDate "2020.05.27"]
[EventType "swiss (blitz)"]
[EventRounds "9"]
[EventCountry "GER"]
[SourceTitle "EXT 2021"]
[Source "ChessBase"]
[SourceDate "2020.10.23"]
[SourceVersion "1"]
[SourceVersionDate "2020.10.23"]
[SourceQuality "1"]

1. e4 c5 2. c3 d5 3. exd5 Qxd5 4. d4 cxd4 5. cxd4 Nc6 6. Nf3 e5 7. Nc3 Bb4 8. Bd2 Bxc3 9. Bxc3 e4 10. Ne5 Nxe5 11. dxe5 Ne7 12. Qc2 0-0 13. Rd1 Qe6 14. Qxe4 Bd7 15. Bc4 Qf5 16. Qxb7 Bc6 17. Qxe7 Bxg2 18. Rg1 Qe4+ 19. Be2 Bf3 20. Rd2 Rad8 21. Rxg7+ Kxg7 22. Qf6+ Kg8 23. Qg5+ Kh8 24. e6+ f6 25. Bxf6+ 1-0

[Event "GER Cup Net V3 U2400"]
[Site "Playchess.com INT"]
[Date "2020.05.27"]
[Round "4"]
[White "Reis, Gerhard"]
[Black "Lachmann, Utz"]
[Result "1-0"]
[WhiteElo "1982"]
[BlackElo "1837"]
[PlyCount "169"]
[EventDate "2020.05.27"]
[EventType "swiss (blitz)"]
[EventRounds "9"]
[EventCountry "GER"]
[SourceTitle "EXT 2021"]
[Source "ChessBase"]
[SourceDate "2020.10.23"]
[SourceVersion "1"]
[SourceVersionDate "2020.10.23"]
[SourceQuality "1"]

1. Nf3 d5 2. c4 d4 3. e3 Nc6 4. exd4 Nxd4 5. Nxd4 Qxd4 6. Nc3 Bf5 7. d3 e6 8. Be3 Qd7 9. d4 Nf6 10. Bd3 Bxd3 11. Qxd3 Bb4 12. 0-0 0-0 13. a3 Bxc3 14. Qxc3 Rfd8 15. h3 h6 16. Rad1 Qc6 17. Rfe1 Rd7 18. b4 a6 19. Qb3 Rad8 20. Rc1 Qd6 21. Red1 Ne4 22. d5 Qe7 23. Qc2 exd5 24. cxd5 Qe5 25. Bd4 Qf4 26. Bb2 Rxd5 27. Re1 f5 28. f3 Nd2 29. Qxc7 Qxc7 30. Rxc7 Nb3 31. Rxg7+ Kf8 32. Ree7 Nd4 33. Ref7+ Ke8 34. Rxb7 Kf8 35. Rh7 Kg8 36. Rhg7+ Kf8 37. Rgf7+ Kg8 38. Bxd4 Rxd4 39. Rxf5 Rd1+ 40. Kh2 R1d6 41. Rf4 Rf8 42. Rxf8+ Kxf8 43. a4 Re6 44. b5 axb5 45. axb5 Rg6 46. h4 Ke8 47. h5 Rf6 48. Kg3 Rf5 49. Kg4 Rg5+ 50. Kh4 Rxg2 51. Rh7 Rh2+ 52. Kg4 Rg2+ 53. Kf4 Rb2 54. Rxh6 Rxb5 55. Re6+ Kf7 56. Re5 Rb3 57. Kg4 Kf6 58. Rf5+ Kg7 59. Kg5 Rb1 60. h6+ Kh7 61. Rf7+ Kg8 62. h7+ Kh8 63. Ra7 Rg1+ 64. Kf5 Rf1 65. f4 Rf2 66. Kg5 Rg2+ 67. Kf6 Rh2 68. f5 Rh6+ 69. Kg5 Rc6 70. f6 Rb6 71. Kg6 Rb8 72. Re7 Rf8 73. Rd7 Rc8 74. Kf7 Kxh7 75. Ke7 Rc1 76. f7 Re1+ 77. Kf8 Kg6 78. Rd6+ Kf5 79. Rh6 Re2 80. Kg7 Re7 81. Kg8 Re6 82. Rxe6 Kxe6 83. f8Q Kd7 84. Kf7 Kc7 85. Ke6 1-0

[Event "GER-ch Net Amateur Gr-A Vor2"]
[Site "Playchess.com INT"]
[Date "2020.04.15"]
[Round "4"]
[White "Jagodzinski, Andreas"]
[Black "Reis, Gerhard"]
[Result "1/2-1/2"]
[WhiteElo "1879"]
[BlackElo "2013"]
[PlyCount "107"]
[EventDate "2020.04.15"]
[EventType "swiss (blitz)"]
[EventRounds "9"]
[EventCountry "GER"]
[SourceTitle "CBM 196 Extra"]
[Source "ChessBase"]
[SourceDate "2020.07.31"]
[SourceVersion "1"]
[SourceVersionDate "2020.07.31"]
[SourceQuality "1"]

1. d4 Nf6 2. c4 g6 3. Nc3 d5 4. cxd5 Nxd5 5. e4 Nxc3 6. bxc3 Bg7 7. Bg5 c5 8. Nf3 0-0 9. Rc1 Bg4 10. d5 h6 11. Be3 Bxf3 12. Qxf3 Qa5 13. Bd2 Nd7 14. Bc4 Ne5 15. Qe2 b6 16. 0-0 f5 17. d6+ Nxc4 18. Qxc4+ Rf7 19. exf5 gxf5 20. dxe7 Re8 21. Rfe1 b5 22. Qxc5 Qb6 23. Be3 Qb7 24. Bd4 Bxd4 25. cxd4 Rfxe7 26. Re5 Rxe5 27. dxe5 Qe4 28. f4 Qxf4 29. Qd5+ Kh8 30. Re1 b4 31. e6 a5 32. Qd7 Rg8 33. e7 Qf3 34. Qd4+ Kh7 35. Qf2 Qxf2+ 36. Kxf2 Re8 37. Kf3 Kg7 38. Re5 Kf6 39. Kf4 Rxe7 40. Rxf5+ Kg6 41. Rxa5 Re2 42. Kf3 Rc2 43. h3 h5 44. g4 Rc3+ 45. Kf4 h4 46. Ra4 Rxh3 47. Rxb4 Ra3 48. Rb2 Ra4+ 49. Kf3 Kg5 50. Rb5+ Kg6 51. Rb6+ Kg5 52. Rb5+ Kg6 53. Rb6+ Kg5 54. Rb5+ 1/2-1/2

[Event "GER-ch Net Amateur Gr-A Vor2"]
[Site "Playchess.com INT"]
[Date "2020.04.15"]
[Round "7"]
[White "Lauer, Marius"]
[Black "Reis, Gerhard"]
[Result "1-0"]
[WhiteElo "1888"]
[BlackElo "2008"]
[PlyCount "111"]
[EventDate "2020.04.15"]
[EventType "swiss (blitz)"]
[EventRounds "9"]
[EventCountry "GER"]
[SourceTitle "CBM 196 Extra"]
[Source "ChessBase"]
[SourceDate "2020.07.31"]
[SourceVersion "1"]
[SourceVersionDate "2020.07.31"]
[SourceQuality "1"]

1. c4 Nf6 2. g3 g6 3. Bg2 Bg7 4. Nc3 0-0 5. Nf3 d6 6. d3 Nc6 7. Rb1 a5 8. a3 e5 9. 0-0 h6 10. b4 axb4 11. axb4 Be6 12. b5 Ne7 13. Nd2 c6 14. Qc2 Qd7 15. Rd1 h5 16. Nde4 Nxe4 17. Nxe4 Nf5 18. Ng5 Nd4 19. Qb2 e4 20. Bxe4 Nf3+ 21. Bxf3 Bxb2 22. Bxb2 Qe7 23. Ne4 f5 24. Nd2 d5 25. Bc3 f4 26. bxc6 bxc6 27. cxd5 Bxd5 28. Bb4 Qg5 29. Bxf8 Rxf8 30. Ne4 Qe7 31. Rb6 fxg3 32. hxg3 h4 33. Kg2 g5 34. Rh1 g4 35. Bxg4 Bxe4+ 36. dxe4 Qc5 37. Rb3 Qxf2+ 38. Kh3 hxg3 39. Rxg3 Rf6 40. Bf5+ Kf8 41. Kg4 Qxe2+ 42. Kg5 Rf7 43. Rh8+ Ke7 44. Kf4 Qd2+ 45. Re3 c5 46. Rc8 Rf6 47. Rxc5 Qd6+ 48. Re5+ Kf8 49. Rh3 Rh6 50. Rxh6 Qxh6+ 51. Kf3 Qf6 52. Re6 Qc3+ 53. Kf4 Kf7 54. Kg5 Qg3+ 55. Kh5 Qh3+ 56. Bxh3 1-0

[Event "GER-ch Net Amateur Gr-A Vor2"]
[Site "Playchess.com INT"]
[Date "2020.04.15"]
[Round "2"]
[White "Reis, Gerhard"]
[Black "Ahrends, Norbert"]
[Result "1-0"]
[WhiteElo "2015"]
[BlackElo "1765"]
[PlyCount "49"]
[EventDate "2020.04.15"]
[EventType "swiss (blitz)"]
[EventRounds "9"]
[EventCountry "GER"]
[SourceTitle "CBM 196 Extra"]
[Source "ChessBase"]
[SourceDate "2020.07.31"]
[SourceVersion "1"]
[SourceVersionDate "2020.07.31"]
[SourceQuality "1"]

1. Nf3 Nf6 2. c4 e6 3. Nc3 d5 4. d4 Be7 5. cxd5 exd5 6. Qc2 c6 7. Bg5 0-0 8. e3 h6 9. Bf4 Re8 10. Bd3 Bd6 11. Bg3 a5 12. a3 Na6 13. 0-0 Bxg3 14. hxg3 Nc7 15. Rab1 Ng4 16. b4 axb4 17. axb4 b5 18. Ne2 Bd7 19. Nf4 Qe7 20. Rfe1 Ra4 21. Bf5 Rea8 22. Bxg4 Bxg4 23. Qxc6 Rxb4 24. Nxd5 Nxd5 25. Qxa8+ 1-0

[Event "GER-ch Net Amateur Gr-A Vor2"]
[Site "Playchess.com INT"]
[Date "2020.04.15"]
[Round "9"]
[White "Reis, Gerhard"]
[Black "Reimold, Dirk"]
[Result "0-1"]
[WhiteElo "2002"]
[BlackElo "1919"]
[PlyCount "52"]
[EventDate "2020.04.15"]
[EventType "swiss (blitz)"]
[EventRounds "9"]
[EventCountry "GER"]
[SourceTitle "CBM 196 Extra"]
[Source "ChessBase"]
[SourceDate "2020.07.31"]
[SourceVersion "1"]
[SourceVersionDate "2020.07.31"]
[SourceQuality "1"]

1. e4 c5 2. Nf3 Nc6 3. d4 cxd4 4. Nxd4 Nf6 5. Nc3 e5 6. Ndb5 d6 7. Bg5 a6 8. Na3 b5 9. Nd5 Be7 10. Bxf6 Bxf6 11. c4 b4 12. Nc2 Rb8 13. b3 Bg5 14. h4 Bh6 15. g3 0-0 16. Bh3 Be6 17. Kf1 Qd7 18. Kg2 f5 19. exf5 Bxf5 20. Nce3 Bxh3+ 21. Rxh3 Rxf2+ 22. Kxf2 Qxh3 23. Qh1 Rf8+ 24. Ke2 Qxg3 25. Rg1 Qf2+ 26. Kd3 e4+ 0-1

[Event "GER-ch Net Amateur Gr-A Vor1"]
[Site "Playchess.com INT"]
[Date "2020.04.14"]
[Round "3"]
[White "Mock, Markus"]
[Black "Reis, Gerhard"]
[Result "0-1"]
[WhiteElo "1718"]
[BlackElo "2003"]
[PlyCount "42"]
[EventDate "2020.04.14"]
[EventType "swiss (blitz)"]
[EventRounds "9"]
[EventCountry "GER"]
[SourceTitle "EXT 2021"]
[Source "ChessBase"]
[SourceDate "2020.10.23"]
[SourceVersion "1"]
[SourceVersionDate "2020.10.23"]
[SourceQuality "1"]

1. d4 Nf6 2. Nf3 g6 3. g3 Bg7 4. Bg2 0-0 5. 0-0 d6 6. a4 Nbd7 7. a5 a6 8. c4 c5 9. Nc3 cxd4 10. Nxd4 Ne5 11. b3 Qc7 12. Bb2 Bd7 13. Qd2 Rab8 14. Rfc1 Rfc8 15. h3 Qd8 16. f4 Nc6 17. Nd5 Nxd5 18. cxd5 Nxd4 19. Bxd4 Rxc1+ 20. Rxc1 Bxd4+ 21. Qxd4 Qxa5 0-1

[Event "GER-ch Net Amateur Gr-A Vor1"]
[Site "Playchess.com INT"]
[Date "2020.04.14"]
[Round "2"]
[White "Reis, Gerhard"]
[Black "Engert, Marvin"]
[Result "1/2-1/2"]
[WhiteElo "2017"]
[BlackElo "1620"]
[PlyCount "128"]
[EventDate "2020.04.14"]
[EventType "swiss (blitz)"]
[EventRounds "9"]
[EventCountry "GER"]
[SourceTitle "EXT 2021"]
[Source "ChessBase"]
[SourceDate "2020.10.23"]
[SourceVersion "1"]
[SourceVersionDate "2020.10.23"]
[SourceQuality "1"]

1. e4 c5 2. Nf3 Nc6 3. d4 cxd4 4. Nxd4 Nf6 5. Nc3 e5 6. Ndb5 d6 7. Bg5 a6 8. Na3 b5 9. Nd5 Be7 10. Bxf6 Bxf6 11. c4 b4 12. Nc2 a5 13. Bd3 0-0 14. 0-0 Be6 15. Nce3 Nd4 16. b3 Bg5 17. a3 bxa3 18. Rxa3 Qb8 19. Qb1 Qb7 20. Qa2 Rfb8 21. Rb1 Nc6 22. Ra4 Bxe3 23. Nxe3 Nb4 24. Qe2 Bd7 25. Raa1 Bc6 26. Nd5 f5 27. Nxb4 axb4 28. f3 Qb6+ 29. Qf2 Qb7 30. Qh4 Rxa1 31. Rxa1 Ra8 32. Rb1 fxe4 33. Bxe4 Bxe4 34. Qxe4 Qxe4 35. fxe4 Kf7 36. Kf2 Ra2+ 37. Kf3 Ke6 38. h3 Rc2 39. Kg3 g5 40. Kf3 h5 41. Kg3 Rd2 42. Kf3 Rc2 43. Kg3 Kf6 44. Kf3 Kg6 45. Kg3 h4+ 46. Kf3 Kh5 47. Rd1 Rc3+ 48. Kf2 Rxb3 49. Rxd6 Rc3 50. Re6 b3 51. Rxe5 Rc2+ 52. Kf3 Rc3+ 53. Kf2 Rxc4 54. Rb5 Rc2+ 55. Kf3 b2 56. Rb6 Rd2 57. e5 Rc2 58. g4+ hxg3 59. Kxg3 Rc3+ 60. Kg2 Rc2+ 61. Kg3 Rc3+ 62. Kg2 Re3 63. Rxb2 Rxe5 64. Rb4 Re3 1/2-1/2

[Event "GER-ch Net Amateur Gr-A Vor1"]
[Site "Playchess.com INT"]
[Date "2020.04.14"]
[Round "6"]
[White "Reis, Gerhard"]
[Black "Wierzbicki, Jirawat"]
[Result "0-1"]
[WhiteElo "2023"]
[BlackElo "1951"]
[PlyCount "100"]
[EventDate "2020.04.14"]
[EventType "swiss (blitz)"]
[EventRounds "9"]
[EventCountry "GER"]
[SourceTitle "EXT 2021"]
[Source "ChessBase"]
[SourceDate "2020.10.23"]
[SourceVersion "1"]
[SourceVersionDate "2020.10.23"]
[SourceQuality "1"]

1. Nf3 d5 2. d4 Nf6 3. c4 dxc4 4. e3 Bg4 5. Bxc4 e6 6. Nc3 Nc6 7. h3 Bh5 8. a3 Bd6 9. 0-0 0-0 10. Qe2 Qe7 11. Bd3 e5 12. d5 e4 13. dxc6 exf3 14. gxf3 Qe5 15. f4 Bxe2 16. fxe5 Bxf1 17. Bxf1 Bxe5 18. cxb7 Rab8 19. Bg2 Nd7 20. Nd5 Bd6 21. b4 c6 22. Nc3 Rxb7 23. Bxc6 Rc7 24. b5 Be5 25. Bb2 a6 26. a4 Bxc3 27. Bxc3 axb5 28. axb5 Nb8 29. Be5 Rcc8 30. Bxb8 Rxb8 31. Ra7 g6 32. Kg2 Kg7 33. Kf3 Kf6 34. Ke4 Ke6 35. Kd4 Rfd8+ 36. Kc5 Rd1 37. e4 Rc1+ 38. Kd4 f6 39. Bd5+ Kd6 40. Ra6+ Kd7 41. b6 f5 42. Ra7+ Kd8 43. b7 fxe4 44. Bxe4 Kc7 45. Ke5 Rf1 46. f4 Re8+ 47. Kd4 Rd1+ 48. Bd3 Rd8+ 49. Kc4 R1xd3 50. Ra8 Kxb7 0-1

[Event "GER-ch Net blitz qual5"]
[Site "Playchess.com INT"]
[Date "2020.03.28"]
[Round "12"]
[White "Scheftlein, Richard"]
[Black "Reis, Gerhard"]
[Result "1-0"]
[WhiteElo "2243"]
[BlackElo "2223"]
[PlyCount "65"]
[EventDate "2020.03.28"]
[EventType "swiss (blitz)"]
[EventRounds "13"]
[EventCountry "GER"]
[SourceTitle "CBM 195 Extra"]
[Source "ChessBase"]
[SourceDate "2020.05.31"]
[SourceVersion "1"]
[SourceVersionDate "2020.05.31"]
[SourceQuality "1"]

1. d4 Nf6 2. c4 g6 3. Nc3 d5 4. Nf3 Bg7 5. e3 0-0 6. Qb3 c6 7. Bd2 e6 8. Bd3 Nbd7 9. 0-0 Re8 10. Rad1 a6 11. e4 dxc4 12. Bxc4 b5 13. Be2 c5 14. e5 Nd5 15. Nxd5 c4 16. Qe3 exd5 17. Ng5 f6 18. Qf3 Nxe5 19. dxe5 fxg5 20. Bc3 Be6 21. Qg3 Qe7 22. a3 a5 23. Bg4 b4 24. axb4 axb4 25. Bxe6+ Qxe6 26. Bxb4 Bxe5 27. Qf3 d4 28. Rfe1 d3 29. Bc3 g4 30. Qb7 Bxc3 31. Rxe6 Bxb2 32. Rxe8+ Rxe8 33. Qxb2 1-0

[Event "GER-ch Net blitz qual4"]
[Site "Playchess.com INT"]
[Date "2020.03.23"]
[Round "3"]
[White "Moewisch, Dave"]
[Black "Reis, Gerhard"]
[Result "0-1"]
[WhiteElo "1914"]
[BlackElo "2223"]
[PlyCount "54"]
[EventDate "2020.03.23"]
[EventType "swiss (blitz)"]
[EventRounds "9"]
[EventCountry "GER"]
[SourceTitle "CBM 195 Extra"]
[Source "ChessBase"]
[SourceDate "2020.05.31"]
[SourceVersion "1"]
[SourceVersionDate "2020.05.31"]
[SourceQuality "1"]

1. e4 c5 2. Nf3 Nc6 3. d4 cxd4 4. Nxd4 Nf6 5. Nc3 e5 6. Ndb5 d6 7. Bg5 a6 8. Na3 b5 9. Nd5 Be7 10. Bxf6 Bxf6 11. c3 0-0 12. Nc2 Rb8 13. Nxf6+ Qxf6 14. Ne3 Ne7 15. Be2 Bb7 16. Bf3 Qg6 17. Nd5 Nxd5 18. exd5 e4 19. Bg4 f5 20. Bh3 Rbe8 21. 0-0 Re5 22. Qd4 Rxd5 23. Qb6 Qf7 24. Rad1 Rxd1 25. Rxd1 d5 26. Bxf5 Qxf5 27. f3 Qf7 0-1

[Event "GER-ch Net blitz qual4"]
[Site "Playchess.com INT"]
[Date "2020.03.23"]
[Round "2"]
[White "Reis, Gerhard"]
[Black "Bluebaum, Matthias"]
[Result "0-1"]
[WhiteElo "2223"]
[BlackElo "2651"]
[PlyCount "74"]
[EventDate "2020.03.23"]
[EventType "swiss (blitz)"]
[EventRounds "9"]
[EventCountry "GER"]
[SourceTitle "CBM 195 Extra"]
[Source "ChessBase"]
[SourceDate "2020.05.31"]
[SourceVersion "1"]
[SourceVersionDate "2020.05.31"]
[SourceQuality "1"]

1. Nf3 d5 2. c4 d4 3. b4 c5 4. Bb2 Nf6 5. e3 dxe3 6. fxe3 cxb4 7. d4 e5 8. Nxe5 Bd6 9. Bd3 Bxe5 10. dxe5 Ng4 11. e6 Bxe6 12. Qe2 Qh4+ 13. g3 Qh6 14. Nd2 Nc6 15. 0-0 0-0-0 16. Bf5 Qxe3+ 17. Qxe3 Nxe3 18. Bxe6+ fxe6 19. Rf2 Nc2 20. Rb1 N2d4 21. Nf3 e5 22. Ng5 Rhf8 23. Nxh7 Rxf2 24. Kxf2 Rh8 25. Ng5 Rxh2+ 26. Ke3 Rg2 27. Ne4 a5 28. a3 bxa3 29. Bxa3 Rc2 30. Nd6+ Kd7 31. Rxb7+ Ke6 32. Rxg7 Rc3+ 33. Ke4 Rxa3 34. Rg6+ Kd7 35. Nb5 Ra1 36. Nxd4 exd4 37. Kd5 Ne7+ 0-1